Date Histoire Moderne - Statistiques

Statistiques générales
  • Ce quiz a été pris 26 fois
  • Le résultat moyen est 22 sur 43
Statistiques - réponses
Événement Date % Correct
Reconquista 1492
95%
Découverte de l’Amérique par CC 1492
95%
Mort de Louis XII (1er janvier) ; François 1er roi de France ; Victoire de Marignan 1515
95%
Charles Quint empereur ; Voyage de Magellan ; Cortez au Mexique 1519
70%
Charles Quint, roi d’Espagne 1516
65%
Retour de Vasco de Gama 1500
60%
Allemagne, début de la réforme (Luther) ; Les 95 thèses de Luther 1517
60%
Perte du Milanais ; Luther traduit la Bible en allemand (1521-22) 1521
60%
Bataille de Pavie 1525
60%
Edit de Villers-Cotterêts 1539
60%
Massacre de Vassy, début des guerres de religion 1562
60%
Fin du Concile de Trente 1563
60%
Massacre de la Saint-Barthélémy 1572
60%
Louis XII roi 1498
55%
Mort de François Ier ; Henri II 1547
55%
Abdication de Charles Quint ; Philippe II roi d’Espagne 1556
55%
Mort de François II ; Charles IX roi 1560
55%
Mort de Charles IX ; Henri III roi 1574
55%
Mort de Catherine de Médicis ; Assassinat d’Henri III ; Henri IV roi de France 1589
55%
Edit de Nantes ; Paix avec l’Espagne ; mort de Philippe II ; Las Casas , Très Brève relation des Indias 1598
55%
Sac de Rome par les troupes de Charles Quint 1527
50%
Copernic, De Revolutionibus orbium celestium 1543
50%
Ouverture du Concile de Trente 1545
50%
Paix de Cateau-Cambresis ; mort d’Henri II. 1559
50%
Constitution de la Ligue 1576
50%
États de la Ligue à Paris ; abjuration d’Henri IV ; Marlowe, Edouard II, Shakespeare, Richard III 1593
50%
Bartholomé Diaz dépasse le cap de bonne espérance 1488
45%
Henri VIII, roi d’Angleterre ; Campagne victorieuse de Louis XII contre Venise 1509
45%
Union administrative de la Bretagne et de la France ; Rabelais : Pantagrue 1532
45%
Premier voyage de J. Cartier au Canada ; Affaire des Placards (17-18 oct) : répression brutale de la Réforme ; Ignace de Loyola fonde la Compagnie de Jésus ; Rabelais : Gargantua 1534
45%
Paix de Saint-Germain 1570
45%
Montaigne, Essais I et II ; Le Tasse, Jérusalem délivrée 1580
45%
Sacre d’Henri IV à Chartres ; entrée à Paris ; Shakespeare, Roméo et Juliette 1594
45%
Défaite de Novare : l’Italie est perdue 1513
40%
Paix de Cambrésis : la France renonce à ses possessions italiennes 1529
40%
Guerre contre l’Espagne 1595
40%
Jacque VI d’Ecosse, devient Jacques 1er d’Angleterre 1606
40%
conquête du Milanais 1499
35%
Marguerite de Navarre, Le Miroir de l’âme pécheresse 1531
35%
Genève adopte la Réforme de Calvin 1535
35%
Isabelle de Castille épouse Ferdinand d’Aragon 1469
30%
B. Castiglione, Le Courtisan 1528
30%
Dante publie De Monarchia 1320
15%
Aucun quiz correspondant
Distribution des résultats
% des personnes avec chaque résultat
Percentile par nombre de réponses
Votre historique - résultats
Vous n’avez pas pris ce quiz